HLTV's Top 20 CS:GO Players - Statistics

General Stats
  • This quiz has been taken 417 times
  • The average score is 7 of 20
Answer Stats
HLTV Rating Answer % Correct
1.18 s1mple
81%
1.14 olofmeister
76%
1.18 kennyS
71%
1.21 GeT_RiGhT
66%
1.17 device
62%
1.18 f0rest
58%
1.18 GuardiaN
58%
1.17 NiKo
58%
1.13 Shox
51%
1.13 allu
26%
1.14 Hiko
26%
1.13 Skadoodle
23%
1.13 fer
21%
1.25 XANTARES
20%
1.14 tarik
14%
1.13 oskar
11%
1.14 nex
8%
1.13 v1c7oR
2%
1.17 dream3r
1%
1.17 fxy0
1%
No matching quizzes found
Score Distribution
Percent of People with Each Score
Percentile by Number Answered
Your Score History
You have not taken this quiz